Sensibilización sobre violencia intrafamiliar a Carabineros de Chile: SERNAM 1992-1993

Guardat en:
Dades bibliogràfiques
Autor principal: Silva, Uca (Autor)
Format: Llibre
Idioma:espanyol
Publicat: Santiago SERNAM 1994
Col·lecció:Documento de Trabajo, 30
Matèries:
Etiquetes: Afegir etiqueta
Sense etiquetes, Sigues el primer a etiquetar aquest registre!

MARC

LEADER 00000nam a2200000 a 4500
001 UCY5444
003 CL-VaPUC
008 950508e19940000CL |||||||||||||||||spa|d
082 0 4 |a 362.829  |b SIL  |2 21 
100 0 |a Silva, Uca  |e author  |9 334213 
245 1 0 |a Sensibilización sobre violencia intrafamiliar a Carabineros de Chile: SERNAM 1992-1993 
300 |a 69 p 
942 |c BK 
945 |d 19950508 00:00:00  |a rbrito 
260 |a Santiago  |b SERNAM  |c 1994 
650 0 |a Mujeres maltratadas  |9 328273 
650 0 |a Violencia intrafamiliar  |9 312986 
583 |a last modification  |c 20180326 12:52:19  |k Rodrigo Vera 
490 0 |a Documento de Trabajo, 30 
999 |c 233104  |d 233102 
952 |0 0  |1 0  |4 0  |6 362_829000000000000_SIL_1994  |7 0  |8 A  |9 238277  |a BIBGIM  |b BIBGIM  |d 2019-11-18  |i 308051K  |l 1  |o 362.829 SIL 1994  |p 308051K  |r 2025-01-15  |s 2024-09-27  |w 2019-11-18  |y BK  |k SSL 
952 |0 0  |1 0  |4 0  |6 362_829000000000000_SIL_1994  |7 0  |8 A  |9 238278  |a BIBGIM  |b BIBGIM  |d 2019-11-18  |i 331474K  |o 362.829 SIL 1994  |p 331474K  |r 2023-07-20  |w 2019-11-18  |y BK  |k GIM